The Legend of Zelda games by acronyms - Statistics

General Stats
  • This quiz has been taken 63 times
  • The average score is 18 of 21
Answer Stats
Hint Answer % Correct
BotW Breath of the Wild
100%
OoT Ocarina of Time
96%
MM Majora's Mask
94%
TotK Tears of the Kingdom
94%
TLoZ The Legend of Zelda
94%
TWW The Wind Waker
94%
ALBW A Link Between Worlds
89%
ALttP A Link to the Past
89%
OoS Oracle of Seasons
89%
FS Four Swords
87%
PH Phantom Hourglass
83%
TP Twilight Princess
83%
OoA Oracle of Ages
81%
SS Skyward Sword
81%
LA Link's Awakening
79%
TMC The Minish Cap
79%
EoW Echoes of Wisdom
74%
FSA Four Swords Adventures
74%
ST Spirit Tracks
68%
AoL Adventure of Link
66%
TFH Tri Force Heroes
57%
No matching quizzes found
Score Distribution
Percent of People with Each Score
Percentile by Number Answered
Your Score History
You have not taken this quiz